Shows by TV Guide's 50 Greatest Characters Quiz Stats

 Plays Quiz Updated Oct 13, 2017

Challenge
Share
Tweet
Embed
Score 0/50 Timer 10:00
1 Play Today
Character Name TV Show % Correct
Mr. SpockStar Trek
96.1%
Homer SimpsonThe Simpsons
95.7%
Arthur 'Fonzie' FonzarelliHappy Days
94%
Lucy RicardoI Love Lucy
93.8%
George CostanzaSeinfeld
91.8%
Cosmo KramerSeinfeld
91.8%
Roseanne ConnerRoseanne
91.3%
MorkMork & Mindy
88.3%
Louie De PalmaTaxi
87.2%
Jim IgnatowskiTaxi
87.1%
Lt. ColumboColumbo
86.9%
J.R. EwingDallas
86.3%
Mary RichardsThe Mary Tyler Moore Show
85.3%
Ted BaxterThe Mary Tyler Moore Show
85.3%
XenaXena: Warrior Princess
84.8%
Archie BunkerAll in the Family
84%
Niles CraneFrasier
83.8%
Diane ChambersCheers
83.6%
Theo KojakKojak
80.8%
Felix Unger & Oscar MadisonThe Odd Couple
79.8%
Maxwell SmartGet Smart
79.4%
Jim RockfordThe Rockford Files
77.7%
Fred SanfordSanford and Son
77.5%
Alex P. KeatonFamily Ties
76.4%
Ed NortonThe Honeymooners
76%
Character Name TV Show % Correct
Ralph KramdenThe Honeymooners
76%
Barney FifeThe Andy Griffith Show
74.4%
Steve UrkelFamily Matters
72.8%
Eddie HaskellLeave It to Beaver
67.1%
Andy SipowiczNYPD Blue
61.8%
David AddisonMoonlighting
60.4%
Alexis Carrington ColbyDynasty
57.5%
Emma PeelThe Avengers
49.3%
Maurice 'Buddy' SorrellThe Dick Van Dyke Show
41.1%
Jane HathawayThe Beverly Hillbillies
40.7%
Dr. Mark CraigSt. Elsewhere
32.3%
Maynard G. KrebsThe Many Loves of Dobie Gillis
31.4%
Sgt. BilkoThe Phil Silvers Show
28.3%
Edina MonsoonAbsolutely Fabulous
24.2%
PaladinHave Gun - Will Travel
21.3%
Frank PembletonHomicide: Life on the Street
20.2%
ArtieThe Larry Sanders Show
17%
Elliot CarlinThe Bob Newhart Show
14.4%
Jane TennisonPrime Suspect
12.1%
Douglas WambaughPicket Fences
11.6%
Bill BittingerBuffalo Bill
11.4%
HawkSpenser: For Hire
10.3%
AdamNorthern Exposure
7.2%
Miles DrentellThirtysomething
6.6%
Lily HarperI'll Fly Away
5.3%

You're not logged in!

Compare scores with friends on all Sporcle quizzes.
Join for Free
OR
Log In

You Might Also Like...

Show Comments

Extras

Top Quizzes Today


Score Distribution

Your Account Isn't Verified!

In order to create a playlist on Sporcle, you need to verify the email address you used during registration. Go to your Sporcle Settings to finish the process.

Report this User

Report this user for behavior that violates our Community Guidelines.

Details: